MARC

LEADER 00000nam0a2200000 4500
001 305492
005 20231102001814.0
035 |a (RuTPU)RU\TPU\book\330763 
090 |a 305492 
100 |a 20150928d1983 km y0rusy50 ca 
101 0 |a rus 
102 |a EE 
105 |a a z 001zy 
200 1 |a Параллельные системы обработки информации. Материалы по программному обеспечению ЕС ЭВМ  |f Ленинградский институт текстильной и легкой промышленности (ЛИТЛП) ; Эстонский научно-исследовательский институт научно-технической информации и технико-экономических исследований ; под ред. В. З. Аладьева 
210 |a Таллин  |c Валгус  |d 1983 
215 |a 376 с.  |c ил. 
320 |a Библиогр.: с. 352-357 
606 1 |a Информация  |x Обработка  |x Автоматизация  |2 stltpush  |3 (RuTPU)RU\TPU\subj\12978  |9 39669 
610 1 |a параллельные системы 
610 1 |a программное обеспечение 
610 1 |a параллельные алгоритмы 
610 1 |a однородные структуры 
610 1 |a унификация 
610 1 |a вычислительная техника 
675 |a 681.3.01  |v 4 
702 1 |a Аладьев  |b В. З.  |4 340 
712 0 2 |a Ленинградский институт текстильной и легкой промышленности (ЛИТЛП)  |c (1961-1992)  |2 stltpush  |3 (RuTPU)RU\TPU\col\19570 
712 0 2 |a Эстонский научно-исследовательский институт научно-технической информации и технико-экономических исследований  |2 stltpush  |3 (RuTPU)RU\TPU\col\25717 
801 1 |a RU  |b 63413507  |c 20150928 
801 2 |a RU  |b 63413507  |c 20190429  |g RCR 
942 |c BK